Il segreto del cassetto : romanzo /

সংরক্ষণ করুন:
গ্রন্থ-পঞ্জীর বিবরন
প্রধান লেখক: Spanò, Diego (লেখক)
বিন্যাস: গ্রন্থ
ভাষা:ইতালিয়
প্রকাশিত: Messina : Edizioni Dr. Antonino Sfameni, 1997
ট্যাগগুলো: ট্যাগ যুক্ত করুন
কোনো ট্যাগ নেই, প্রথমজন হিসাবে ট্যাগ করুন!

MARC

LEADER 00000nam a22000007i 4500
001 IT\ICCU\UBO\3181957
003 ItRI
005 20260115232437.0
008 070411s1997 it |||||| ||||| |||||c
040 |b ita  |c importazione bologna sebina 
041 7 |a ita  |2 ISO-639-2 
100 1 |a Spanò, Diego  |0 IT\ICCU\UBOV\096700  |4 aut 
245 1 3 |a Il segreto del cassetto :  |b romanzo /  |c Diego Spanò. 
260 |a Messina :  |b Edizioni Dr. Antonino Sfameni,  |c 1997 
300 |a 31 p. ;  |c 24 cm. 
790 1 |a Spanò dei Tre Mulini, Diego  |3 IT\ICCU\SBNV\100339  |z Spanò, Diego 
942 |2 ddc  |c BK  |n 0 
952 |0 0  |1 0  |4 0  |6 DOC_853_914000000000000_SPA  |7 0  |9 25852  |a BO  |b BO  |d 2026-01-15  |i 4828  |l 0  |o DOC 853.914 SPA  |p BO4828  |r 2026-01-15 23:24:37  |w 2026-01-15  |x [Sebina 7] [1 v.]  |y BK  |z 1 v. 
999 |c 21918  |d 21918